Schaum's outline of theory and problems of thermodynamics /

Guardado en:
Autor Principal: Abbott, Michael M.
Otros Autores: Van Ness, H. C.
Formato: Libro
Idioma:English
Publicado: New York : McGraw-Hill, c1989.
Edición:2nd ed.
Series:Schaum's outline series
Materias:
Acceso en línea:Biografía del autor
Descripción
Tabla de contenido
Etiquetas: Agregar Etiqueta
Sin Etiquetas, Sea el primero en etiquetar este registro!
LEADER 01311pam a22003375a 4500
001 EIQ.libpla003304
008 890313s1989####nyua##########001#0#eng#d
005 20150619124352.0
245 1 0 |a Schaum's outline of theory and problems of thermodynamics /  |c Michael M. Abbott, Hendrick C. Van Ness. 
250 |a 2nd ed. 
260 |a New York :  |b McGraw-Hill,  |c c1989. 
300 |a 362 p. :  |b il. ;  |c 28 cm. 
490 1 |a Schaum's outline series 
500 |a Incluye índice. 
500 |a Incluye 225 problemas resueltos. 
020 |a 0070000425 
100 1 |a Abbott, Michael M. 
700 1 |a Van Ness, H. C.  |q (Hendrick C.) 
830 0 |a Schaum's outline series 
246 3 |a Theory and problems of thermodynamics. 
082 0 0 |a 536/.7  |2 20 
650 4 |a Termodinámica  |x Problemas, ejercicios, etc. 
650 4 |a Procesos  |x Termodinámica. 
650 4 |a Processes  |x Thermodynamics. 
650 4 |a Thermodynamics  |x Problems, exercises, etc. 
010 |a  89002576  
040 |a DLC  |c DLC  |d AR-BbSID 
856 4 2 |3 Biografía del autor  |u http://www.loc.gov/catdir/bios/mh041/89002576.html 
856 4 2 |3 Descripción  |u http://www.loc.gov/catdir/description/mh031/89002576.html 
856 4 1 |3 Tabla de contenido  |u http://www.loc.gov/catdir/toc/mh021/89002576.html 
859 |a AR-BbSID  |b BIB. PLAPIQUI  |h 536.7  |i Ab 24  |p 3862